000 00979nam a2200277Ia 4500
001 H7811
003 IT-RoPAU
008 130308s9999 xx 000 0 und d
040 _aIT-RoPAU
040 _cIT-RoPAU
041 _aITALIANO
100 _aBoulez Pierre
100 _gCodice Aut. SPICS: 8911
245 _aTesto, compositore, direttore d'orchestra
245 _bEnciclopedia della Musica - X - Il Sapere Musicale
250 _a1a ed.
260 _bEinaudi/Il Sole 24 Ore
260 _c2007 [1° Ed.:2007 - Ed.Ling.Originale:2007]
300 _a"12 p. (prefazione: no ; testo: 12 [pagine: 1110-1122])"
500 _aNascita del Direttore D'Orchestra. Berlioz e Wagner. Compositori interpreti e interpreti Musicologi. Compositori Strumentisti e Compositori Direttorid'Orchestra. Mestiere del Direttore D'Orchestra. Bibliografia.
650 _aENCICLOPEDIE DI MUSICA
650 _eCodice materia Spics: 7001
942 _cBK
957 _71
999 _c85366
_d85366
999 _g1